1592 1930 1936 1307 1223 1823 1669 1960 1070 1759 1637 1985 1071 1074 1316 1541 1185 1263 1347 1784 1953 1466 1567 1905 1467 1645 1808 1784 1278 1835 1948 1502 1847 1253 1336 1764 1644 1911 1656 1849 1478 1227 1122 1165 1871 1995 1375 1951 1261 1416 1240 1887 1410 1094 1612 1190 1437 1376 1429 1959 1541 1117 1449 1137 1271 1307 1735 1395 1991 1211 1433 1694 1819 1429 1612 1547 1340 1068 1733 1499 1760 1516 1000 1639 1401 1594 1251 1705 1357 1318 1521 1120 1529 1649 1394 1266 1955 1648 1693 BCNSPRNW ULIB Ver.6.0+V

เปลี่ยนเป็นภาษาไทย

Change to English
 แสดงรายละเอียดบรรณานุกรม
  กลับหน้าหลัก

Brief Record : Get Marc (ISO 2709) : E-mail record : QR code < ปิดหน้าต่าง
LEADER : 00000nam 2200000uu 4500
001    13399115149
003     ULIB
008    110627s2551||||th 000 0 tha d
020    9789740439905
082 0  นว.^bล411ก
090    นว.^bล411ก
100 0  ล
245 00 กุหลาบกลางผืนทราย/^cล
260    กรุงเทพฯ :^bแจ่มใส,^c2551
300    263 หน้า
710 1  แจ่มใส
945    ^p169^l0^i026771
995    ทศพร
999 ^a ใช้งานได้ทุกระบบ
รายการนี้ยังไม่มีแท็ก
คุณยังไม่ได้ล็อกอิน คุณสามารถมีกิจกรรมร่วมกับเว็บไซต์ได้ แต่ต้องล็อกอินก่อน ::
  ล็อกอิน

รายการสื่อสารสนเทศ

ลำดับที่ ประเภท เลขเรียก/บาร์โค้ด สถานที่ สถานะ
1. นวนิยาย
นวนิยาย
นว. ล411กนว. ล411ก ฉ.1 
  Barcode: 026771
ห้องสมุดวิทยาเขตสวรรค์ประชารักษ์
►นวนิยาย
บนชั้น
  ขอยืม

รายการใกล้เคียง
    ผู้แต่ง [ล]

BibComment


ยังไม่เคยถูกคอมเมนท์

คอมเมนท์ทรัพยากรรายการนี้
  คอมเมนท์: กุหลาบกลางผืนทราย ล


 Copyright 2026. Bcnsprnw @Library